Компьютерный измеритель двигательной функции ЖКТ; Современные техника и технологии; Т. 1

Dades bibliogràfiques
Parent link:Современные техника и технологии: X Юбилейная международная научно-практическая конференция студентов, аспирантов и молодых ученых, посвященная 400-летию г. Томска, Томск, 29 марта - 2 апреля 2004 г./ Томский политехнический университет.— , 2004
Т. 1.— 2004.— С. 290-292
Autor principal: Дылгырова В. Д.
Altres autors: Миляев Д. В. Дмитрий Васильевич
Idioma:rus
Publicat: 2004
Matèries:
Format: Capítol de llibre
KOHA link:https://koha.lib.tpu.ru/cgi-bin/koha/opac-detail.pl?biblionumber=183284

MARC

LEADER 00000naa2a2200000 4500
001 183284
005 20251205141326.0
035 |a (RuTPU)RU\TPU\book\198681 
090 |a 183284 
100 |a 20100709d2004 k y0rusy50 ca 
101 0 |a rus 
102 |a RU 
200 1 |a Компьютерный измеритель двигательной функции ЖКТ  |f В. Д. Дылгырова, Д. В. Миляев 
320 |a Библиогр.: 5 назв. 
461 1 |0 (RuTPU)RU\TPU\book\66154  |t Современные техника и технологии  |o X Юбилейная международная научно-практическая конференция студентов, аспирантов и молодых ученых, посвященная 400-летию г. Томска, Томск, 29 марта - 2 апреля 2004 г.  |o труды  |f Томский политехнический университет  |d 2004 
463 0 |0 (RuTPU)RU\TPU\book\65882  |t Т. 1  |v С. 290-292  |d 2004 
610 1 |a желудочно-кишечный тракт 
610 1 |a заболевания 
610 1 |a органы пищеварения 
610 1 |a диагностика 
610 1 |a оптико-электронные устройства 
610 1 |a оптические зонды 
610 1 |a компьютерные технологии 
610 1 |a труды учёных ТПУ 
700 1 |a Дылгырова  |b В. Д. 
701 1 |a Миляев  |b Д. В.  |c специалист в области неразрушающего контроля  |c доцент Томского политехнического университета, кандидат технических наук  |f 1940-  |g Дмитрий Васильевич  |3 (RuTPU)RU\TPU\pers\26529 
801 1 |a RU  |b 63413507  |c 20100709 
801 2 |a RU  |b 63413507  |c 20140329  |g RCR 
942 |c BK